000 00453nam a2200145Ia 4500
005 20250423094638.0
008 250422s9999 xx 000 0 und d
020 _a9789785167566
245 0 _aBuilding resilience in sustainable development in a changing world, Ibadan sustainable development summit (ISDS)
260 _aIbadan
260 _bUniversity of Ibadan Centre for Sustainable Development
260 _c2012
300 _a210 p
942 _cBK
999 _c27865
_d27865